000
00269nam a22001217a 4500
003
SGT
082
_a
823.92
_b
MAR
100
_a
MARTIN GEORGER R
245
_a
A STORM OF SWORDS GAME OF THRONES
260
_a
U.K
_b
HARPER PUB
_c
2014
300
_a
623
942
_2
ddc
_c
BK
999
_c
33547
_d
33547